| 000 | 00913cam a2200205 4500 | ||
|---|---|---|---|
| 001 | X114655 | ||
| 008 | 010920n2001 000 0 eng u | ||
| 035 | _a(Sirsi) u114655 | ||
| 100 | _aStokes, S. | ||
| 245 | _aCopyright and the 'idea/expression dichotomy" | ||
| 260 | _c2001 | ||
| 490 | _aArt Antiquity and Law | ||
| 520 | _aConsiders "Designers Guild Ltd v Russell Williams (Textiles)" HL 23 November concerning the copyright infringement of artistic works and the application of the 'idea/expression dictotomy'. Full copy of judgement available on http://www.parliament.the-stationery-office.co.uk/pa/ld199900/ldjudgmt/jd001123/design-1.htm | ||
| 650 | _aDESIGNERS GUILD LTD V RUSSELL WILLIAMS (TEXTILES) | ||
| 650 | _aCOPYRIGHT | ||
| 650 | _aARTISTIC WORK | ||
| 690 | _aLAW | ||
| 856 | _uhttps://www.parliament.the-stationery-office.co.uk/pa/ld199900/ldjudgmt/jd001123/design-1.htm | ||
| 942 | _n0 | ||
| 999 |
_c68310 _d68310 |
||